| 000 | 00486nam a22001817a 4500 | ||
|---|---|---|---|
| 003 | OSt | ||
| 005 | 20180116183047.0 | ||
| 008 | 160721b xxu||||| |||| 00| 0 eng d | ||
| 020 | _a9781292098463 | ||
| 040 | _c0 | ||
| 082 | _a658.3 DES 2016 | ||
| 100 | _aGary Dessler | ||
| 245 |
_aFundamentals of Human Resource Management _cGary Dessler |
||
| 260 |
_aMalaysia _bPearson _c2016 |
||
| 300 |
_a558 p. _bPB |
||
| 440 | _aFundamentals of Human Resource Management | ||
| 942 |
_2ddc _cBK |
||
| 999 |
_c351465 _d351465 |
||